000 01082nam a22003617a 4500
003 CHAP
005 20220329143709.0
008 110211s1985 mx r 00010 spa d
010 _a100493
011 _a101465
020 _a9684780435
035 _a112153
040 _cCHAP
082 0 4 _a306.461
_bR63 1985
100 0 0 _aRojas Soriano, Raúl.
_999378
245 1 0 _aSociología médica
_c/por Raúl Rojas Soriano
250 _a2 ed.
260 _aMéxico, D.F. :
_bFolios,
_c1985
300 _a108 p.
490 3 _aEl hombre y su salud
_v; 5
590 _aBATCH-UPD
_b10
_c20130110
_lUCH01
_h1728
590 _aBATCH-UPD
_b10
_c20130410
_lUCH01
_h1110
590 _aBATCH-UPD
_b10
_c20130914
_lUCH01
_h1807
590 _aCONVERSION
_b10
_c20130109
_lUCH01
_h1355
650 1 4 _aMedicina social.
_973920
650 1 4 _aSalud pública.
_9101813
650 1 4 _aSeguridad social.
_9103676
830 3 _aEl hombre y su salud
_v; 5
_936125
901 _aBK
911 _aen proceso
942 _cLIBRO
949 _a362 R63 1985
_bBC
_cLIBRO
_d33724002231248
_eLIBRO
_h114214
_i112153
_sb
999 _c100493
_d100493